The malayan emergency revisited 1948-1960

Bibliographic Details
Main Author: Mohd Azzam Mohd Hanif Ghows
Format: Book
Published: Kuala Lumpur : A Pictorial History , 2006
Subjects:

MARC

LEADER 00000cam a2200000 7i4500
001 0000020247
005 20070928.0
020 |a 9834298005 
040 |a INS 
090 0 0 |a DS597   |b M64 2006 
100 1 |a Mohd Azzam Mohd Hanif Ghows 
245 1 4 |a The malayan emergency revisited 1948-1960   |c Mohd Azzam Mohd Hanif Ghows 
260 |a Kuala Lumpur :   |b A Pictorial History ,   |c 2006 
300 |a 386 p. :   |b ill.col. ;   |c 30 cm. 
500 |a Includes index 
504 |a Bibliography: p.382-384 
650 0 0 |a Communist   |z Malaya 
651 0 |a Malaya   |x History   |x Malayan Emergency, 1948-1960 
651 0 |a Malaya   |x Politics and government 
999 |a 0000019148   |b BOOK   |c Open Shelf   |e Default branch